Distributed operating systems /

Saved in:
Bibliographic Details
Main Author: Tanenbaum, Andrew S (Author)
Format: Book
Language:English
Published: Englewood Cliffs : Prentice Hall, 1995
Edition:1.vyd.
Subjects:
Tags: Add Tag
No Tags, Be the first to tag this record!

MARC

LEADER 00000nam a22000003a 4500
001 stu9816
005 20150617225805.2
008 970606s1995----xxu-----------------eng-d
020 |a 0-13-143934-0 
040 |a STU  |b slo 
041 0 |a eng 
044 |a xxu 
080 |a 681.32.066 
080 |a 519.68 
080 |a 681.324.013 
084 |a C6150N  |2 INS 
100 1 |a Tanenbaum, Andrew S  |4 aut 
245 1 |a Distributed operating systems /  |c [aut.] Tanenbaum,Andrew S 
250 |a 1.vyd. 
260 |a Englewood Cliffs :  |b Prentice Hall,  |c 1995 
300 |a 614 s 
650 7 |a distribuované operačné systémy  |2 stusub 
650 7 |a počítačové siete  |2 stusub 
650 7 |a komunikačné systémy  |2 stusub 
650 7 |a AMOEBA  |2 stusub 
650 7 |a MACH  |2 stusub 
650 7 |a HORUS  |2 stusub 
650 7 |a DCE  |2 stusub 
996 |b I5082  |c I*5082  |l II680  |s A  |a 24  |w stu9816_0001